| 000 | 00000nam 2200000za 4500 |
| 001 | 9.675041 |
| 003 | CaOODSP |
| 005 | 20250508135655 |
| 007 | cr ||||||||||| |
| 008 | 150407s2011 onc|||||o f|0| 0 ara d |
| 020 | |a978-0-662-03350-9 |
| 040 | |aCaOODSP|beng |
| 043 | |an-cn--- |
| 086 | 1 |aS53-28/2001Ara-PDF|zS53-28/2001Ar-PDF |
| 110 | 1 |aCanada. |bPublic Works and Government Services Canada. |bTranslation Bureau. |
| 245 | 10|aHandbook of terminology |h[electronic resource]. |
| 250 | |a[Arabic edition]. |
| 260 | |aOttawa : |bPublic Works and Government Services Canada, |cc2001. |
| 300 | |a152 p. |
| 500 | |aThe catalogue number (S53-28/2001) and the ISBN (0-660-61616-5) of the bilingual (in English and in French) print edition have been incorrectly copied in this publication. |
| 546 | |aText in Arabic. |
| 590 | |a11-26-Supp|b2011-11-03 |
| 775 | 08|tPrécis de terminologie |w(CaOODSP)9.634201 |
| 775 | 08|tHandbook of terminology |w(CaOODSP)9.689804 |
| 792 | |tPrécis de terminologie |efre|w(CaOODSP)9.675042 |
| 856 | 40|ahttp://publications.gc.ca|qPDF|s2.25 MB|uhttps://publications.gc.ca/collections/collection_2011/tpsgc-pwgsc/S53-28-2001-ara.pdf |